Statistics for Song to Year - 2000s

Click here to take the quiz!

General Stats

  • This quiz has been taken 19 times
  • The average score is 9 of 25

Answer Stats

HintAnswer% Correct
I Gotta Feeling (The Black Eyed Peas)2009
58%
It's Gonna Be Me (NSYNC)2000
50%
How You Remind Me (Nickelback)2001
50%
Gold Digger (Kayne West)2005
50%
Single Ladies (Beyoncé)2008
50%
Viva la Vida (Coldplay)2008
50%
Independent Women Part I (Destiny's Child)2000
42%
Sk8er Boi (Avril Lavigne)2002
42%
Lose Yourself (Eminem)2002
42%
In da Club (50 Cent)2003
42%
Hey Ya! (Outkast)2003
42%
SexyBack (Justin Timberlake)2006
42%
Umbrella (Rihanna)2007
42%
Poker Face (Lady Gaga)2008
42%
Bye Bye Bye (NSYNC)2000
33%
Hips Don't Lie (Shakira)2006
33%
Low (Flo Rida)2007
33%
The Middle (Jimmy Eat World)2001
25%
Crazy in Love (Beyoncé)2003
25%
Drop It Like It's Hot (Snoop Dogg)2004
25%
Toxic (Britney Spears)2004
25%
Crank That (Soulja Boy Tell 'Em)2007
25%
Use Somebody (Kings of Leon)2008
25%
Seven Nation Army (The White Stripes)2003
17%
White & Nerdy (Weird Al)2006
17%

Score Distribution

Percentile by Number Answered

Percent of People with Each Score

Your Score History

You have not taken this quiz